01942nam a2200433Ii 4500001000700000003000800007005001700015006001900032007001500051008004100066020003100107020002800138020002700166020002400193035002200217040003100239050003000270082001400300100004300314245008600357250002300443264007100466300004200537336003100579337003300610338004300643500012500686586007700811588008300888590016200971650001901133650002001152655002701172700004801199776016101247797001801408856006301426999001901489127827FINmELB20241217180039.0m o u cr cn|||||||||201218s2020 ck a o 000 j spa d a9789582604608qeBookqePub a9582604603qeBookqePub z9789582604592qimpreso z958260459Xqimpreso a(OCoLC)1289859945 aFINmELBbspaerdacFINmELB14aPQ8180.423.O74bM673 202004a863.72231 aMora Garzón, Yulieth,d1992-eautor.13aLa mara /cYulieth Mora Garzón ; ilustraciones de Yeraldina Márquez García. aPrimera edición. 1aBogotá, D. C., Colombia :bEdiciones Universidad Central,c2020. a1 recurso en línea :bilustraciones atextobtxt2rdacontent/spa acomputadorabc2rdamedia/spa arecurso en líneabcr2rdacarrier/spa a"Esta es una publicación del Departamento de Creación Literaria, Facultad de Ciencias Sociales, Humanidades y Arte." aConcurso Nacional de Literatura Infantil y Juvenil, 2017 (segundo lugar) aDescripción basada en metadatos suministrados por el editor y otras fuentes. aRecurso electrónico. Santa Fe, Arg.: elibro, 2021. Disponible vía World Wide Web. El acceso puede estar limitado para las bibliotecas afiliadas a elibro. 4aShort stories. 4aCuentos cortos. 4aLibros electrónicos.1 aMárquez García, Yeraldina,eilustrador.08iVersión impresa:aMora Garzón, Yulieth, 1992-tMara.bPrimera edición.dBogotá, D. C., Colombia : Ediciones Universidad Central, 2020z97895826045922 aelibro, Corp.40uhttps://elibro.net/ereader/politecnicointernacional/131309 c127827d127827